| 000 | 00526nam a2200169 a 4500 | ||
|---|---|---|---|
| 001 | 3743 | ||
| 005 | 20140414131959.0 | ||
| 008 | 061009s19uu xx 00 eng d | ||
| 020 | _a0-8136-1639-5 | ||
| 050 |
_aTR 418 _bK53 1986 |
||
| 100 | _aKing, Dr. Marjorie Merwin | ||
| 245 |
_aVocabulary works, level B / _cDr. Marjorie Merwin King ; Dr. Alvin Granowsky. |
||
| 260 |
_aCleveland, Ohio : _bModern Curriculum Press, _c1986. |
||
| 300 | _a112 p. ; cm. | ||
| 650 |
_aEnglish language _xStudy and teaching. |
||
| 999 |
_c113011 _d113011 |
||